header

Medicine and charity before the welfare state (Record no. 171525)

MARC details
000 -LEADER
fixed length control field 01412nam a2200361Ia 4500
082 04 - DEWEY DECIMAL CLASSIFICATION NUMBER
Classification number 362.1/0425/094
245 00 - TITLE STATEMENT
Title Medicine and charity before the welfare state
260 ## - PUBLICATION, DISTRIBUTION, ETC. (IMPRINT)
Place of publication London :
Name of publisher Routledge,
Year of publication c1991.
300 ## - PHYSICAL DESCRIPTION
Number of Pages x, 259 p.
490 1# - SERIES STATEMENT
Series statement Studies in the social history of medicine
650 #0 - SUBJECT ADDED ENTRY--TOPICAL TERM
Topical Term Social medicine
Topical Term Charities, Medical
700 1# - ADDED ENTRY--PERSONAL NAME
Personal name Barry, Jonathan,
Personal name Jones, Colin,
856 40 - ELECTRONIC LOCATION AND ACCESS
Uniform Resource Identifier http://site.ebrary.com/lib/rucke/Doc?id=10058361

No items available.

© 2026 Rongo University
Contact us: librarian | system librarian | Rongo university